Cambridge companion to Rawls (Record no. 5758)
[ view plain ]
| 000 -LEADER | |
|---|---|
| fixed length control field | 00563nam a2200217Ia 4500 |
| 003 - CONTROL NUMBER IDENTIFIER | |
| control field | 0100 |
| 008 - FIXED-LENGTH DATA ELEMENTS--GENERAL INFORMATION | |
| fixed length control field | 130227s9999 xx 000 0 und d |
| 020 ## - INTERNATIONAL STANDARD BOOK NUMBER | |
| International Standard Book Number | 9780521657068 |
| 040 ## - CATALOGING SOURCE | |
| Transcribing agency | ARRUPELIB |
| 050 ## - LIBRARY OF CONGRESS CALL NUMBER | |
| Classification number | JC251.R32C35 2002 |
| 245 ## - TITLE STATEMENT | |
| Title | Cambridge companion to Rawls |
| 260 ## - PUBLICATION, DISTRIBUTION, ETC. (IMPRINT) | |
| Place of publication, distribution, etc | Cambridge |
| 260 ## - PUBLICATION, DISTRIBUTION, ETC. (IMPRINT) | |
| Name of publisher, distributor, etc | Cambridge University Press |
| 260 ## - PUBLICATION, DISTRIBUTION, ETC. (IMPRINT) | |
| -- | 2002 |
| 300 ## - PHYSICAL DESCRIPTION | |
| Extent | xi |
| 300 ## - PHYSICAL DESCRIPTION | |
| Other physical details | 585p 23cm |
| 440 ## - SERIES STATEMENT/ADDED ENTRY--TITLE | |
| Title | Cambridge companions to philosophy |
| 650 ## - SUBJECT ADDED ENTRY--TOPICAL TERM | |
| Topical term following geographic name as entry element | Bible NT Gospels - Commentaries |
| 700 ## - ADDED ENTRY--PERSONAL NAME | |
| Personal name | Freeman, Samuel Richard (ed) |
| 942 ## - ADDED ENTRY ELEMENTS (KOHA) | |
| Source of classification or shelving scheme | Library of Congress Classification |
| Koha issues (borrowed), all copies | 3 |
| Withdrawn status | Lost status | Source of classification or shelving scheme | Damaged status | Not for loan | Collection code | Home library | Current library | Shelving location | Date acquired | Total Checkouts | Full call number | Barcode | Date last seen | Date last borrowed | Copy number | Price effective from | Koha item type |
|---|---|---|---|---|---|---|---|---|---|---|---|---|---|---|---|---|---|
| Library of Congress Classification | Main Collection | ARRUPE LIBRARY | ARRUPE LIBRARY | 27/02/2013 | 10 | JC251.R32C35 2002 | 46407799 | 14/10/2025 | 03/09/2025 | 1 | 27/02/2013 | Monograph ( Printed materials) |